00394nam a2200145Ia 4500003000400000005001700004008004100021040000900062082002300071100002200094245005800116260004700174300000900221650001800230OSt20200709104058.0190216s9999||||xx |||||||||||||| ||und|| coclc a954.0420924bNEH/J aNehru, Jawaharlal 0aJawaharlal Nehru An Autobiography /cJawaharlal Nehru bAllied Publishers Limited,c1962.aBombay: a623p aEnglish Essay